Where Are They From - Country #2 - Statistics

General Stats
  • This quiz has been taken 132 times
  • The average score is 11 of 12
Answer Stats
Hint Answer % Correct
George Washington, John F. Kennedy, Elvis Presley, Marilyn Monroe United States of America
100%
Lionel Messi, José de San Martín, Eva Perón, Diego Maradona Argentina
99%
Ludwig van Beethoven, Angela Merkel, Boris Becker, Michael Fassbender Germany
99%
Arnold Schwarzenegger, Wolfgang Amadeus Mozart, Georg von Trapp, Erwin Schrödinger Austria
98%
Shinzō Abe, Kōhei Uchimura, Hirohito, Yoko Ono Japan
97%
Pablo Escobar, Shakira, James Rodriguez, Sofia Vergara Colombia
96%
Sachin Tendulkar, Mahatma Gandhi, Aishwarya Rai, Shah Rukh Khan India
96%
Leif Erikson, Eiður Guðjohnsen, Anita Briem, Hafþór Júlíus Björnsson Iceland
94%
Pele, Gisele Bündchen, Antônio Carlos Jobim, Ayrton Senna Brazil
92%
Edmund Hillary, Lorde, Jacinda Ardern, Jonah Lomu New Zealand
79%
Manny Pacquiao, apl.de.ap, Ferdinand Marcos, Lea Salonga Philippines
77%
Muttiah Muralitharan, Mahinda Rajapaksa, Sirimavo Bandaranaike, Pooja Umashankar Sri Lanka
51%
No matching quizzes found
Score Distribution
Percent of People with Each Score
Percentile by Number Answered
Your Score History
You have not taken this quiz